Statistics for Top 10 Poorest U.S. States by Median Income

Click here to take the quiz!

General Stats

  • This quiz has been taken 36,778 times
    (19,939 since last reset)
  • The average score is 8 of 10

Answer Stats

$ State % Correct
49,861Alabama
91%
44,717Mississippi
88%
47,062Arkansas
80%
47,905Louisiana
79%
50,247Kentucky
78%
52,375Tennessee
77%
52,306South Carolina
72%
44,097West Virginia
71%
51,924Oklahoma
68%
47,169New Mexico
68%

Score Distribution

Percentile by Number Answered

Percent of People with Each Score

Your Score History

You have not taken this quiz since the last reset